Derecho Comercial y de las obligaciones (Registro nro. 8468)

Detalles MARC
000 -LEADER
fixed length control field 00829nas a2200217 454500
001 - CONTROL NUMBER
control field 14876
005 - DATE AND TIME OF LATEST TRANSACTION
control field 20260407193505.0
008 - FIXED-LENGTH DATA ELEMENTS--GENERAL INFORMATION
fixed length control field 260407s2012####ag###########|||spa#d
003 - CONTROL NUMBER IDENTIFIER
control field AR-UNSa-BCEJYS
040 ## - CATALOGING SOURCE
Original cataloging agency AR-UNSa-BCEJYS
Language of cataloging spa
Transcribing agency AR-UNSa-BCEJYS
080 ## - UNIVERSAL DECIMAL CLASSIFICATION NUMBER
Universal Decimal Classification number 347.7
Common auxiliary subdivision Derecho Mercantil. Derecho Comercial
022 ## - INTERNATIONAL STANDARD SERIAL NUMBER
International Standard Serial Number 1851-1805
100 1# - MAIN ENTRY--PERSONAL NAME
Personal name Etcheverry, Raúl Aníbal
245 10 - TITLE STATEMENT
Title Derecho Comercial y de las obligaciones
Name of part/section of a work Revista de Doctrina, Jurisprudencia, Legislación y Práctica
264 #1 - PRODUCTION, PUBLICATION, DISTRIBUTION, MANUFACTURE, AND COPYRIGHT NOTICE
Place of production, publication, distribution, manufacture Buenos Aires :
Name of producer, publisher, distributor, manufacturer Abeledo Perrot
Date of production, publication, distribution, manufacture, or copyright notice 2012
310 ## - CURRENT PUBLICATION FREQUENCY
Current publication frequency Port: Fundada por Issac Halperin en 1968
590 ## - LOCAL NOTE (RLIN)
Local note niveau_biblio:s niveau_hierar:1
650 ## - SUBJECT ADDED ENTRY--TOPICAL TERM
Topical term or geographic name entry element DERECHO COMERCIAL
856 41 - ELECTRONIC LOCATION AND ACCESS
Uniform Resource Identifier <a href="https://biblioeco.unsa.edu.ar/pmb/images/revistas/Derecho Comercial y de las Obligaciones.jpg">https://biblioeco.unsa.edu.ar/pmb/images/revistas/Derecho Comercial y de las Obligaciones.jpg</a>
Link text Imagen de portada
Electronic format type image/jpeg
942 ## - ADDED ENTRY ELEMENTS (KOHA)
Koha item type
Existencias
Withdrawn status Lost status Damaged status Not for loan Home library Current library Shelving location Date acquired Serial enumeration / chronology Total checkouts Full call number Barcode Date last seen Price effective from Koha item type
        Biblioteca Prof. Eusebio Cleto del Rey Biblioteca Prof. Eusebio Cleto del Rey   01/01/2013 Nº 258 - ene./feb. 2013   H347.7 DER 258 R08674 10/04/2026 10/04/2026 Numero
        Biblioteca Prof. Eusebio Cleto del Rey Biblioteca Prof. Eusebio Cleto del Rey   01/09/2012 Nº 256 - sep./oct. 2012   H347.7 DER 256 R07227 10/04/2026 10/04/2026 Numero